Normal view MARC view
  • Aydmune, Yesica

Entry Nombre Personal

Number of records used in: 2

001 - NUMERO DE CONTROL

  • campo de control: 46693

003 - IDENTIFICADOR DE NUMERO DE CONTROL

  • campo de control: UPN

005 - FECHA Y HORA DE LA ÜLTIMA TRANSACCIÓN

  • campo de control: 20220923094749.0

008 - DATOS DE LONGITUD FIJA

  • campo de control de longitud fija: 220923|| acnnnaabn | a|a d

024 ## - OTROS IDENTIFICADORES NORMALIZADOS

  • Fuente: orcid
  • Número normalizado o código: https://orcid.org/0000-0002-0702-9653

040 ## - FUENTE DE CATALOGACIÓN

  • Agencia original de catalogación: MX-MxUPN

100 1# - ENCABEZAMIENTO - NOMBRE PERSONAL

  • Nombre personal: Aydmune, Yesica

370 ## - LUGAR ASOCIADO

  • Associated country: Argentina

371 ## - DIRECCIÓN

  • Electronic mail address: esicaaydmune@gmail.com

372 ## - CAMPO DE ACTIVIDAD

  • Field of activity: Psicología
  • Field of activity: Docencia
  • Field of activity: Investigación

373 ## - GRUPO ASOCIADO

  • Associated group: Instituto de Psicología Básica, Aplicada y Tecnología (IPSIBAT), Facultad de Psicología, Universidad Nacional de Mar del Plata (UNMDP) – Consejo Nacional de Investigaciones Científicas y Técnicas (CONICET)

374 ## - OCUPACIÓN

  • Occupation: Doctora en Psicología
  • Occupation: Profesora universitaria
  • Occupation: Investigadora

375 ## - GÉNERO

  • Gender: femenino

377 ## - LENGUA ASOCIADA

  • Language code: spa

400 1# - VEÁSE - NOMBRE DE PERSONA

  • Personal name: Aydmune, Y.

670 ## - FUENTE EN LA QUE SE LOCALIZARON DATOS

  • Cita de la fuente: En recurso en línea Acta de investigación psicológica, Vol. 10, no. 1 (2020):
  • Información localizada: página 5 (Yesica Aydmune)
  • Uniform Resource Identifier: https://www.revista-psicologia.unam.mx/revista_aip/index.php/aip/article/view/329/264

902 ## - CATALOGADOR

  • Catalogador: RGJD/230922